000
00302nam a2200121Ia 4500
005
20251222143132.0
008
251222s9999||||xx |||||||||||||| ||spa||
020
_a
84-01-43596-X
082
_a
839.77/J67
100
_a
"Johnson, Eyvind"
245
0
_a
Era el año 1914: Aqui tienes tu vida
942
_c
LIB
999
_c
11982
_d
11982